000 00422nam a22001697a 4500
005 20180720120200.0
008 160514b xxu||||| |||| 00| 0 eng d
020 _a81-297-0096-5
041 _aeng
082 _b2344
_a658.3
100 _aRobbins,Stephen P.
_94589
245 _aOrganizational Behavior
260 _aNew Delhi
_bTata McGraw Hill Ltd.
_c2003
300 _a635p,
650 _aManagement
_9241
942 _cBK
999 _c844
_d844